Clorindo Testa : (Registro nro. 11718)

Detalles MARC
000 -LEADER
longitud fija campo de control 01052nam a22003497a 4500
003 - IDENTIFICADOR DE NUMERO DE CONTROL
control del campo AR-RoUNA
005 - FECHA DE LA ULTIMA MODIFICACION
control del campo 20250605062744.0
008 - CAMPO DE CONTROL - LIBROS
longitud fija campo de control 241203b |||||||| |||| 00| 0 spa d
040 ## - ORIGEN DE LA CATALOGACION
Agencia que cataloga la obra original AR-RoUNA
Idioma en que se cataloga spa
Entidad que modifico el registro AR-RoUNA
041 ## - CODIGO DE IDIOMA
Codigo de idioma del texto / sonido o titulo separado spa
Codigo de idioma de la traduccion original y / o intermedios de texto spa
044 ## - CODIGO DE PAIS / ENTIDAD PRODUCTORA
Codigo MARC del pais ag
100 1# - ASIENTO PRINCIPAL - NOMBRE PERSONAL
Nombre personal Glusberg, Jorge
9 (RLIN) 2778
245 1# - TITULO PROPIAMENTE DICHO
Titulo Clorindo Testa :
Subtitulo La peste de Ceppaloni /
Mencion de responsabilidad, etc Jorge Glusberg
250 ## - MENCION DE EDICION
Edicion declarada 1a. ed.
260 ## - EDITORIAL - PUBLICACION, DISTRIBUCION, ETC. (Pie de imprenta)
Lugar de publicacion, distribucion, etc Buenos Aires, Argentina :
Nombre del editor, distribuidor, etc Centro de Arte y Comunicación,
Fecha de publicacion 1978
300 ## - DESCRIPCION FISICA
Extension [22p.:]
Otros detalles fisicos il. byn.,
Dimensiones 22x17 cm
490 ## - MENCION DE SERIE
Titulo de la serie Catalogo de exposicion de arte
505 ## - NOTA DE CONTENIDO CON FORMATO
Título CONTENIDO.
505 ## - NOTA DE CONTENIDO CON FORMATO
Título Arte y ecologia
505 ## - NOTA DE CONTENIDO CON FORMATO
Título Los problemas sociales
505 ## - NOTA DE CONTENIDO CON FORMATO
Título Metaforas de metaforas
505 ## - NOTA DE CONTENIDO CON FORMATO
Título Ahistoricidad y transformacion
600 0# - MATERIA - NOMBRES PERSONALES
Nombre personal Testa, Clorindo
Fechas asociadas con el nombre 1923-2013
Termino de rol arq.
9 (RLIN) 24539
648 40 - MATERIA - TERMINOS CRONOLOGICOS
Termino cronologico Siglo XX
-- 286
650 4# - MATERIA - TERMINO TEMATICO
Término temático general Exposiciones
650 4# - MATERIA - TERMINO TEMATICO
Término temático general Dibujos
Subdivisión de formulario Arte Argentino
908 ## - SOPORTE
Soporte Imp
930 ## - ACCESION
Numero de accesion (NR) 12135
942 ## - FUENTE DE CLASIFICACION
Clasificacion Dewey Decimal Classification
Tipo de item Libro
945 ## - INFORMACION DE PROCESAMIENTO
Codigo del operador MIA
Fecha de ingreso o modificacion 2024-12-03
980 ## - DECLARACIÓN DE EQUIVALENCIA O SERIE DE REFERENCIA CRUZADA - NOMBRE / TÍTULO PERSONAL [LOCAL, CANADÁ]
Código del operador 1
Nombre del operador Maricel Allasia
Código del operador que modifico el registro
Nombre del operador que modifico el registro CRON CRON
Existencias
Estado retiro Estado perdido Sistema de clasificacion Estado general Restricciones de uso Biblioteca de origen Ubicacion actual Localizacion en estante Fecha de adquisicion Fuente de adquisicion Prestamos totales Signatura y librística Proveedor Numero de ejemplar Tipo de elemento KOHA Nota no publica
Disponible Disponible cdu No dañado Ningun uso de restricciones Arq. Hilarión H. Larguia Arq. Hilarión H. Larguia Tec 03/12/2024 Don   741.02+7 G567 18244 ej. 1 Libro